MARC details
| 000 -LEADER |
| fixed length control field |
01998cam a22002054a 4500 |
| 005 - ΗΜΕΡΟΜΗΝΙΑ ΚΑΙ ΩΡΑ ΤΕΛΕΥΤΑΙΑΣ ΕΝΗΜΕΡΩΣΗΣ |
| Πεδίο ελέγχου |
20250605164141.0 |
| 008 - FIXED-LENGTH DATA ELEMENTS--GENERAL INFORMATION |
| Πεδίο ελέγχου σταθερού μήκους |
250528s ||||||||||||||||||||||||d |
| 035 ## - SYSTEM CONTROL NUMBER |
| System control number |
18959 |
| 020 ## - ISBN |
| ISBN |
9607026012 |
| 040 ## - ΠΗΓΗ ΚΑΤΑΛΟΓΟΓΡΑΦΗΣΗΣ |
| Φορέας πρωτότυπης καταλογογράφησης |
MC Athens Campus Library |
| Γλώσσα καταλογογράφησης |
Ελληνικά, Μοντέρνα (1453-) |
| Modifying agency |
MC Athens Campus Library |
| Κανόνες περιγραφικής καταλογογράφησης |
AACR2 |
| 245 1# - ΤΙΤΛΟΣ ΚΑΙ ΔΗΛΩΣΗ ΥΠΕΥΘΥΝΟΤΗΤΑΣ |
| Τίτλος |
Οδηγός Σχεδίου Ντον Νείβι |
| 260 ## - PUBLICATION, DISTRIBUTION, ETC. |
| Name of publisher, distributor, etc. |
Ντουντούμης, |
| Date of publication, distribution, etc. |
1986 |
| 300 ## - PHYSICAL DESCRIPTION |
| Extent |
160 |
| 505 0# - FORMATTED CONTENTS NOTE |
| Formatted contents note |
Ευχαριστίες, Αφιέρωση, Εισαγωγή, Υλικά και Εξοπλισμός, Πώς να Ξεκινήσετε, Τεχνική, Τόνοι και Φωτοσκίαση, Όγκοι και Φόρμες, Προοπτική, Το μπλοκ Σχεδίου, Πηγές, Φωτογραφίες, Ζώα, Πουλιά, Νερό και Αντανάκλαση, Ουρανός και Σύννεφα, Καράβια, Κτίρια, Συγκοινωνιακά Μέσα, Δέντρα, Λουλούδια, Νεκρή Φύση και Αντικείμενα, Το Ανθρώπινο Σώμα, Το Πορτραίτο, Η Δομή των Εικόνων, Διακόσμηση, Πενάκι και Πινέλο και Κάρβουνο, Επίλογος. |
| 520 ## - SUMMARY, ETC. |
| Summary, etc. |
Ευχαριστίες, Αφιέρωση, Εισαγωγή, Υλικά και Εξοπλισμός, Πώς να Ξεκινήσετε, Τεχνική, Τόνοι και Φωτοσκίαση, Όγκοι και Φόρμες, Προοπτική, Το μπλοκ Σχεδίου, Πηγές, Φωτογραφίες, Ζώα, Πουλιά, Νερό και Αντανάκλαση, Ουρανός και Σύννεφα, Καράβια, Κτίρια, Συγκοινωνιακά Μέσα, Δέντρα, Λουλούδια, Νεκρή Φύση και Αντικείμενα, Το Ανθρώπινο Σώμα, Το Πορτραίτο, Η Δομή των Εικόνων, Διακόσμηση, Πενάκι και Πινέλο και Κάρβουνο, Επίλογος. |
| 700 1# - ΠΡΟΣΘΕΤΗ ΑΝΑΓΡΑΦΗ--ΦΥΣΙΚΟ ΠΡΟΣΩΠΟ |
| Personal name |
Davy Don |
| 9 (RLIN) |
5241 |
| 942 ## - ADDED ENTRY ELEMENTS (KOHA) |
| Koha item type |
Books |